Hacia una ťica en la era del biopoder

Bibliographic Details
Main Author: Arteaga, Juan Pablo
Format: eBook
Language:Spanish
Published: Bogot:̀ Universidad de Los Andes (Colombia), 2019
Subjects:
Online Access:Acceso restringido

MARC

LEADER 00000nam a22000007a 4500
005 20200721230213.0
007 cr|||| ||||
008 200721s2019 co |||||s|||| 00||0 spa d
020 |a 978-958-774-877-2 
035 |a 31844 
040 |a vLex 
090 |c 10666  |d 10666 
100 1 |a Arteaga, Juan Pablo 
245 1 0 |a Hacia una ťica en la era del biopoder  |h [Recurso electrn̤ico] /  |c Juan Pablo Arteaga 
256 |a Servicio en ln̕ea 
260 |a Bogot:̀  |b Universidad de Los Andes (Colombia),  |c 2019 
300 |a 1 recurso electrn̤ico 
506 1 |a Disponible solo en los productos indicados  |d vLex Global  |d vLex Global (Academic Edition, excluding Law Schools)  |d vLex Global (U.S. Academic Edition, Law Schools)  |d vLex Global (U.S. Academic Edition, excluding Law Schools)  |d vLex Global (Academic Edition, Law Schools) 
650 0 4 |a Derecho Pb︢lico y Administrativo  |z Colombia 
650 0 4 |a Derecho Civil  |z Colombia 
740 0 |a vLex Libros (Servicio en ln̕ea) 
856 4 0 |u http://vlex.com/source/hacia-etica-era-biopoder-31844  |z Acceso restringido 
942 |c BOOK 
999 0 |a Public and Administrative Law 
999 0 |a Civil Law